Детектив с улыбкой: [сборник]; [перевод]; В ожидании убийства (вместо предисловия); Алмаз Раджи; Гнусный обманщик; Друзья из Сан-РОзарио; Фиаско в Лос-Амигос; Сапфировый крест; Мужчина в коричневом костюме; Убийство оптом - по два с половиной доллара за штуку; Помешавшийся на тайне, или Дефективный детектив; Уотсон был женщиной (вместо заключения)
| Other Authors: | |
|---|---|
| Summary: | В сборник «Детектив с улыбкой» вошли рассказы, роман, эссе авторов английской, американской, канадской литератур. В них звучит шуточный тон затейливой пародии, тонкий юмор, вызывающий полуулыбку, сочувственная ирония. Наряду с работами прославленных мастеров детектива — Г.К.Честертона, А.К.Дойла, Агаты Кристи в книгу вошли новеллы О.Генри и цикл рассказов Р.Л.Стивенсона, в которых приметы жанра только угадываются. Блестящие пародии Стивена Ликока и юмористическое «расследование» одного из самых читаемых современных детективистов Рекса Стаута завершают книгу. |
| Language: | Russian |
| Published: |
Москва, Высшая школа, 1993
|
| TOC: | С. Ликок, В ожидании убийства (вместо предисловия); Р. Л. Стивенсон, Алмаз Раджи; Гнусный обманщик; О. Генри, Друзья из Сан-РОзарио; А. К. Дойл (Дойль), Фиаско в Лос-Амигос; Г. К. Честертон, Сапфировый крест; А. (М.) Кристи (Вестмакотт), Мужчина в коричневом костюме; Убийство оптом - по два с половиной доллара за штуку; С. Ликок, Помешавшийся на тайне, или Дефективный детектив; Р. Стаут, Уотсон был женщиной (вместо заключения); |
| Series: | Час студенческого досуга |
| Subjects: | |
| Format: | MixedMaterials Book |
| KOHA link: | https://koha.lib.tpu.ru/cgi-bin/koha/opac-detail.pl?biblionumber=158742 |
MARC
| LEADER | 00000nam0a2200000 4500 | ||
|---|---|---|---|
| 001 | 158742 | ||
| 005 | 20231031154541.0 | ||
| 010 | |a 5060030008 | ||
| 020 | |a RU |b 93-12496 | ||
| 035 | |a (RuTPU)RU\TPU\book\172163 | ||
| 090 | |a 158742 | ||
| 100 | |a 20090428d1993 u y0rusy5003 ca | ||
| 101 | 1 | |a rus |c eng | |
| 102 | |a RU | ||
| 105 | |a y z 000ay | ||
| 200 | 1 | |a Детектив с улыбкой |e [сборник] |e [перевод] |f сост. О. Г. Мирнова | |
| 210 | |a Москва |c Высшая школа |d 1993 | ||
| 215 | |a 302,[2] с. |d 21 см | ||
| 225 | 1 | |a Час студенческого досуга | |
| 330 | |a В сборник «Детектив с улыбкой» вошли рассказы, роман, эссе авторов английской, американской, канадской литератур. В них звучит шуточный тон затейливой пародии, тонкий юмор, вызывающий полуулыбку, сочувственная ирония. Наряду с работами прославленных мастеров детектива — Г.К.Честертона, А.К.Дойла, Агаты Кристи в книгу вошли новеллы О.Генри и цикл рассказов Р.Л.Стивенсона, в которых приметы жанра только угадываются. Блестящие пародии Стивена Ликока и юмористическое «расследование» одного из самых читаемых современных детективистов Рекса Стаута завершают книгу. | ||
| 464 | |t В ожидании убийства (вместо предисловия) |f С. Ликок | ||
| 464 | |t Алмаз Раджи |f Р. Л. Стивенсон | ||
| 464 | |t Гнусный обманщик | ||
| 464 | |t Друзья из Сан-РОзарио |f О. Генри | ||
| 464 | |t Фиаско в Лос-Амигос |f А. К. Дойл (Дойль) | ||
| 464 | |t Сапфировый крест |f Г. К. Честертон | ||
| 464 | |t Мужчина в коричневом костюме |f А. (М.) Кристи (Вестмакотт) | ||
| 464 | |t Убийство оптом - по два с половиной доллара за штуку | ||
| 464 | |t Помешавшийся на тайне, или Дефективный детектив |f С. Ликок | ||
| 464 | |t Уотсон был женщиной (вместо заключения) |f Р. Стаут |a Стаут, Рекс | ||
| 610 | 1 | |a английская литература | |
| 610 | 1 | |a американская литература | |
| 610 | 1 | |a канадская литература | |
| 610 | 1 | |a детективы | |
| 675 | |a 82 |z rus | ||
| 702 | 1 | |a Мирнова |b О. Г. |4 220 | |
| 801 | 0 | |a RU |b RuMRKP |c 19950413 |g psbo | |
| 801 | 1 | |a RU |b 63413507 |c 20090428 |g PSBO | |
| 801 | 2 | |a RU |b 63413507 |c 20180302 |g PSBO | |
| 942 | |c BK | ||